Jatuh bangun sesuatu bangsa / (Record no. 1484)
[ view plain ]
| 000 -LEADER | |
|---|---|
| fixed length control field | cam a22 a 4500 |
| 003 - CONTROL NUMBER IDENTIFIER | |
| control field | AKMAL |
| 005 - DATE AND TIME OF LATEST TRANSACTION | |
| control field | 20170509160853.0 |
| 008 - FIXED-LENGTH DATA ELEMENTS--GENERAL INFORMATION | |
| fixed length control field | 170509s1987 my e 000 may d |
| 020 ## - INTERNATIONAL STANDARD BOOK NUMBER | |
| International Standard Book Number | 9679230171 |
| 040 ## - CATALOGING SOURCE | |
| Original cataloging agency | AKMAL |
| 082 04 - DEWEY DECIMAL CLASSIFICATION NUMBER | |
| Classification number | 305.8 MAU |
| 090 00 - LOCALLY ASSIGNED LC-TYPE CALL NUMBER (OCLC); LOCAL CALL NUMBER (RLIN) | |
| Classification number (OCLC) (R) ; Classification number, CALL (RLIN) (NR) | 305.8 |
| Local cutter number (OCLC) ; Book number/undivided call number, CALL (RLIN) | MAU |
| 100 1# - MAIN ENTRY--PERSONAL NAME | |
| Personal name | Maududi, Sayyid Abul `Ala, |
| Titles and words associated with a name | Maulana, |
| Dates associated with a name | 1903-1979 |
| 9 (RLIN) | 1567 |
| 245 10 - TITLE STATEMENT | |
| Title | Jatuh bangun sesuatu bangsa / |
| Statement of responsibility, etc. | S. Abul A'la Maududi ; penterjemah, Nasir Ismail |
| 260 ## - PUBLICATION, DISTRIBUTION, ETC. | |
| Place of publication, distribution, etc. | Alor Setar : |
| Name of publisher, distributor, etc. | Pustaka Ikhwan, |
| Date of publication, distribution, etc. | 1987 |
| 300 ## - PHYSICAL DESCRIPTION | |
| Extent | 30ms. ; |
| Dimensions | 21cm. |
| 500 ## - GENERAL NOTE | |
| General note | Terjemahan dari: Nations rise nations fall-why? Lahore: Islamic Publications, 19-- |
| 500 ## - GENERAL NOTE | |
| General note | Mengandungi ayat-ayat dari Quran |
| 650 10 - SUBJECT ADDED ENTRY--TOPICAL TERM | |
| Topical term or geographic name entry element | Islam and social problems |
| 9 (RLIN) | 1992 |
| 700 0# - ADDED ENTRY--PERSONAL NAME | |
| Personal name | Nasir Ismail |
| 9 (RLIN) | 2950 |
| 942 ## - ADDED ENTRY ELEMENTS (KOHA) | |
| Source of classification or shelving scheme | |
| Koha item type | Book |
| Withdrawn status | Lost status | Source of classification or shelving scheme | Damaged status | Not for loan | Collection code | Home library | Current library | Shelving location | Date acquired | Inventory number | Total Checkouts | Full call number | Barcode | Date last seen | Price effective from | Koha item type |
|---|---|---|---|---|---|---|---|---|---|---|---|---|---|---|---|---|
| NON-FICTION | AKMAL Melaka | AKMAL Melaka | PINJAMAN | 09.05.2017 | 002633 | 305.8 MAU | 201702762 | 09.05.2017 | 09.05.2017 | Book |
